LEADER 00784nam a2200205 i 4500 001 000000148668 003 CaOOAMICUS 005 20060314000000.0 008 060314n it u000 u ita u 013 $a125984 040 $aSeMil$bita 245 14$a[La Maestą di Duccio]. 260 $a[S.l. :$bs.n.],$c199[?] 300 $a34 p. :$bill. ;$c24 cm. 500 $a[Edizioni a cura della Galleria d'Arte sacra dei contemporanei Villa Clerici Milano - Niguarda]. 650 4$aDuccio : di Buoninsegna.$0(OLS)http://semarc/subject/12897 850 $aSeMil 852 $aSeMil$W1$xVenegono$y1$m1352 14 *$j101032$B101032$CSeMilBibl$Z2$F109733 $81 996 $6245$a[La Maestą di Duccio]$9(OLS)http://semarc/title/217288 996 $6260$a[S.l. :$bs.n.]$9(OLS)http://semarc/publisher/29751 LEADER 00966nam a2200229 i 4500 001 000000209827 003 CaOOAMICUS 005 20120104000000.0 008 120104s1979 it u000 u fre u 013 $a188618 040 $aSeMil$bita 100 1 $aAuw, Lydia : von.$0(OLS)http://semarc/name/75208 245 10$aAngelo Clareno et les spirituels italiens /$cLydia von Auw. 260 $aRoma :$bEdizioni di Storia e Letteratura,$c1979. 300 $aXVI, 328 p. ;$c26 cm. 490 0 $aUomini e dottrine ;$v25 600 04$aAngelo : Clareno .$0(OLS)http://semarc/subject/39460 830 0$aUomini e dottrine ;$v25.$0(OLS)http://semarc/title/17157 850 $aSeMil 852 $aSeMil$W1$xVenegono$y1$m3T VI 87$j160278$B160278$CSeMilBibl$Z2$F171295 $81 996 $6245$aAngelo Clareno et les spirituels italiens$9(OLS)http://semarc/title/303339 996 $6260$aRoma :$bEdizioni di Storia e Letteratura$9(OLS)http://semarc/publisher/29779